000 00318nam a2200121 i 4500
001 bg
245 0 _aSzkolenie samochodowe :
_bćwiczenia dla ubiegających się o prawo jazdy kategorii B i C.
260 _aKraków,
_c1986.
040 _cBPK
041 _apol
942 _cKS
008 s pl f |000 0 pol
999 _c3267
_d3267
856 _uhttp://koha.tu.koszalin.pl/cgi-bin/koha/opac-detail.pl?biblionumber=3267
_yKatalog online BPK